00502nam a2200193 a 4500001001300000003000900013005001700022008004100039020001000080082001500090100001900105245005900124260003400183300000800217500003500225505001000260650001900270700001900289nice12345678IN_TiNIC20260116012933.0050524s1912 teha grp 000 0 per  ac10000a297.4bNAF aNafees, Sayeed aSharah, Haal-E-Mukhtasarb Hazrat Sh. Kaleemullah Wali aTehranbDanishgah Pressc1912 a15p aincludes index and biblioraphy2 aIndex aSufism-Chishti1 aNafees, Sayeed